Biblioteca

Crimen y castigo / Fedor Dostoievski ; Augusto Vidal, Traductor (Registro nro. 42083)

Detalles MARC
000 -LÍDER
Campo fijo de descripción fija 004690000a22001570004500
041 0# - CÓDIGO DE IDIOMA
Código de idioma para texto/pista de sonido o título separado
082 04 - NÚMERO DE CLASIFICACIÓN DECIMAL DEWEY
Número de clasificación G 891.73 D7248c
001 - NÚMERO DE CONTROL
Campo de control 13090
100 1# - ASIENTO PRINCIPAL--NOMBRE PERSONAL
Nombre personal Dostoievski, Fedor (1821-1881)
245 10 - TÍTULO
Título del Material Crimen y castigo / Fedor Dostoievski ; Augusto Vidal, Traductor
260 ## - PUBLICACIÓN, DISTRIBUCIÓN, ETC. (PIE DE IMPRENTA)
Lugar de publicación, distribución, etc. Bogotá, Colombia : Oveja Negra
300 ## - DESCRIPCIÓN FÍSICA
Extensión 576 Pag
500 ## - NOTA GENERAL
Nota General Título original : Prestupleinie i nakazainie
942 ## - TIPO DE MATERIAL (KOHA)
Tipo de Item KOHA Libros General
Existencias
Estado de Material Estado de Perdido Volumen-Parte/Tomo Estado de Dañado No para Préstamo Colección Tomo Biblioteca de Origen Biblioteca Permanente Fecha de Adquisición Total de Préstamos Signatura Topográfica Código de Barras Última vez visto Ejemplar/Existencia Fecha de Remplazo Tipo de Material
    2     Colección General   Biblioteca FUSBC Biblioteca FUSBC 20/10/2005   G 891.73 D7248c 11292 27/07/2023 1 26/01/2016 Libros General

Biblioteca FUSBC | Teléfono: (57+4) 349 88 10 Ext. 141| WhatsApp (+57) 3005338115 
E-mail: biblioteca@unisbc.edu.co | Calle 76 87-14 Robledo Palenque, Medellín, Colombia

Con tecnología Koha